[Event "Germain Laplante U1900"]
[Site "Chambly CAN"]
[Date "2025.05.17"]
[Round "3.24"]
[White "Allaire, Denis"]
[Black "Brassard, Sylvain"]
[Result "0-1"]
[WhiteElo "1815"]
[BlackElo "1681"]
[WhiteFideId "-1"]
[WhiteFideId "-1"]
[PlyCount "132"]
[GameId "2181007047123350"]
[EventDate "2025.05.16"]
[EventType "swiss"]
[EventRounds "5"]
[EventCountry "CAN"]

1. e4 c5 2. d4 cxd4 3. Qxd4 Nc6 4. Qd3 g6 5. Nc3 Bg7 6. Nf3 d6 7. Be2 Bg4 8. Nd5 e6 9. Ne3 Bxf3 10. Bxf3 Ne5 11. Qa3 Nxf3+ 12. gxf3 Qc7 13. Bd2 b6 14. Bb4 Rd8 15. O-O-O Be5 16. Rd3 a5 17. Bc3 Ne7 18. Bxe5 dxe5 19. Rxd8+ Qxd8 20. Qa4+ Qd7 21. Qxd7+ Kxd7 22. Nc4 Kc7 23. Nxe5 f6 24. Ng4 Rf8 25. Rd1 Nc6 26. f4 f5 27. exf5 Rxf5 28. Rd3 Rxf4 29. f3 h5 30. Ne3 Ne5 31. Rc3+ Kb7 32. Ng2 Rxf3 33. Rxf3 Nxf3 34. Nf4 Nxh2 35. Nxg6 Nf3 36. Nf4 h4 37. Nh3 Kc6 38. Kd1 Kd5 39. Ke2 Nd4+ 40. Kd3 Nc6 41. Nf4+ Kd6 42. c3 e5 43. Nh3 Kd5 44. Nf2 Nd8 45. Ke3 Ne6 46. Ng4 Nf4 47. Kf3 Nd3 48. Ne3+ Ke6 49. Nc4 Kf5 50. Nd6+ Kg5 51. Ne4+ Kf5 52. Nd6+ Ke6 53. Nc4 b5 54. Nxa5 Nxb2 55. Kg4 Kd5 56. Kxh4 Nd1 57. Kg4 Nxc3 58. a3 Nb1 59. Kf3 Nxa3 60. Nb3 Kc4 61. Nd2+ Kd3 62. Ne4 b4 63. Nf2+ Kd4 64. Ke2 e4 65. Nd1 Nc4 66. Ke1 b3 0-1

[Event "Germain Laplante U1900"]
[Site "Chambly CAN"]
[Date "2025.05.17"]
[Round "3.25"]
[White "Duplessis, Jean-Roch"]
[Black "Gonzalez, Daniel"]
[Result "0-1"]
[WhiteElo "1597"]
[BlackElo "1792"]
[WhiteFideId "-1"]
[WhiteFideId "-1"]
[PlyCount "86"]
[GameId "2181007047152023"]
[EventDate "2025.05.16"]
[EventType "swiss"]
[EventRounds "5"]
[EventCountry "CAN"]

1. e4 c5 2. Nf3 g6 3. Nc3 Bg7 4. Bc4 d6 5. O-O Nf6 6. Re1 O-O 7. d3 Nc6 8. h3 Bd7 9. Bd2 a6 10. a4 Rb8 11. Qc1 Ne8 12. Bh6 Nc7 13. Bxg7 Kxg7 14. e5 b5 15. axb5 axb5 16. Bb3 Be6 17. Bxe6 Nxe6 18. exd6 exd6 19. Ne2 d5 20. c3 d4 21. cxd4 Ncxd4 22. Nexd4 Nxd4 23. Nxd4 Qxd4 24. Qc3 Rfd8 25. Re5 b4 26. Qxd4 Rxd4 27. Rxc5 Rxd3 28. Rc7 Rb3 29. Raa7 Rf8 30. Rab7 Rxb2 31. Rc4 b3 32. Rcb4 Rc8 33. Rxb3 Rc1+ 34. Kh2 Rxf2 35. Kg3 Rcc2 36. Rf3 Rxg2+ 37. Kf4 Rgf2 38. Ke3 Rxf3+ 39. Kxf3 Rc3+ 40. Kg4 h5+ 41. Kh4 Kh6 42. Rb5 Rf3 43. Rc5 Rf1 0-1

[Event "Germain Laplante U1900"]
[Site "Chambly CAN"]
[Date "2025.05.17"]
[Round "3.26"]
[White "Brule, Daniel"]
[Black "Hammoud, Khaled"]
[Result "0-1"]
[WhiteElo "1480"]
[BlackElo "1676"]
[WhiteFideId "-1"]
[WhiteFideId "-1"]
[PlyCount "113"]
[GameId "2181007047152024"]
[EventDate "2025.05.16"]
[EventType "swiss"]
[EventRounds "5"]
[EventCountry "CAN"]

1. e4 c6 2. d4 d5 3. exd5 cxd5 4. c4 Nf6 5. c5 Nc6 6. Nf3 Bg4 7. Be2 e6 8. Nc3 Qc7 9. O-O Be7 10. a3 a5 11. Nb5 Qb8 12. g3 O-O 13. Bf4 Qd8 14. Nd6 Qd7 15. Ne5 Bxe2 16. Qxe2 Nxe5 17. dxe5 Ne8 18. b4 b6 19. Rfc1 bxc5 20. bxc5 Qc6 21. Rab1 Ra6 22. Qe3 Nc7 23. Rb6 Qa8 24. Rcb1 Rxb6 25. Rxb6 Rb8 26. Qb3 Rxb6 27. Qxb6 Ne8 28. c6 Bd8 29. Qb7 Nc7 30. Be3 Qxb7 31. cxb7 Na6 32. Ba7 Bc7 33. f4 Kf8 34. Kf2 Ke7 35. Ke3 f6 36. Kd4 Kd7 37. Nb5 Kc6 38. Nxc7 Kxc7 39. b8=Q+ Nxb8 40. Bxb8+ Kxb8 41. g4 Kc7 42. Kc5 fxe5 43. fxe5 a4 44. Kb5 d4 45. Kc4 Kc6 46. Kxd4 Kb5 47. Kc3 Kc5 48. Kd3 Kd5 49. Kc3 Kxe5 50. Kb4 Kf4 51. Kxa4 e5 52. Kb3 e4 53. Kc2 Kf3 54. a4 e3 55. a5 e2 56. Kd2 Kf2 57. a6 0-1

[Event "Germain Laplante U1900"]
[Site "Chambly CAN"]
[Date "2025.05.17"]
[Round "3.27"]
[White "Filion, Yves"]
[Black "Qi, Jason"]
[Result "0-1"]
[WhiteElo "1597"]
[BlackElo "1698"]
[WhiteFideId "-1"]
[WhiteFideId "-1"]
[PlyCount "86"]
[GameId "2181007047152025"]
[EventDate "2025.05.16"]
[EventType "swiss"]
[EventRounds "5"]
[EventCountry "CAN"]

1. e4 c5 2. Nc3 e6 3. g3 Nc6 4. Bg2 Nf6 5. d3 Be7 6. f4 d6 7. Nf3 Qc7 8. O-O O-O 9. h3 a6 10. g4 Rb8 11. Ne2 b5 12. Ng3 Bb7 13. g5 Nd7 14. b3 Nd4 15. Bb2 Nxf3+ 16. Rxf3 c4 17. Qe1 cxb3 18. cxb3 Rbc8 19. Rf2 Qb6 20. d4 Rc7 21. Rc1 Rfc8 22. Rxc7 Rxc7 23. Qd2 b4 24. h4 Qb5 25. Bf1 Qb6 26. Kh2 d5 27. e5 g6 28. h5 a5 29. hxg6 hxg6 30. Kg1 Kg7 31. Rh2 Rc8 32. Rh6 Rh8 33. Qh2 Rxh6 34. Qxh6+ Kg8 35. Bd3 Bf8 36. Qh2 Ba6 37. Bb1 Qc6 38. Qh3 a4 39. bxa4 Nb6 40. Qg2 Nxa4 41. Qd2 Qc4 42. Ba1 b3 43. axb3 Qxb3 0-1

[Event "Germain Laplante U1900"]
[Site "Chambly CAN"]
[Date "2025.05.17"]
[Round "3.28"]
[White "Riopel, Alec"]
[Black "Roy, Stephane"]
[Result "0-1"]
[WhiteElo "1479"]
[BlackElo "1599"]
[WhiteFideId "-1"]
[WhiteFideId "-1"]
[PlyCount "62"]
[GameId "2181007047152026"]
[EventDate "2025.05.16"]
[EventType "swiss"]
[EventRounds "5"]
[EventCountry "CAN"]

1. d4 d5 2. c4 Nc6 3. Nf3 Bg4 4. Nc3 e6 5. h3 Bxf3 6. exf3 Nf6 7. cxd5 Nxd5 8. Bb5 Bb4 9. Bd2 O-O 10. Bxc6 bxc6 11. O-O Bd6 12. Ne4 Rb8 13. Qc2 f5 14. Nc3 Qh4 15. Ne2 g5 16. b3 g4 17. fxg4 fxg4 18. Qe4 Nf6 19. Qxe6+ Kh8 20. g3 Qxh3 21. Nf4 Qh6 22. Rad1 Qg7 23. Qc4 Qd7 24. d5 c5 25. Bc3 Qf5 26. Ne6 Rg8 27. Bb2 Rg6 28. Nf4 Rh6 29. Rfe1 Rb4 30. Qa6 Bxf4 31. Qc8+ Qxc8 0-1

[Event "Germain Laplante U1900"]
[Site "Chambly CAN"]
[Date "2025.05.18"]
[Round "4.17"]
[White "Song, Jiacai"]
[Black "Tse, Chun Wing"]
[Result "1-0"]
[WhiteElo "1700"]
[BlackElo "1671"]
[WhiteFideId "-1"]
[WhiteFideId "-1"]
[PlyCount "129"]
[GameId "2181007047152027"]
[EventDate "2025.05.16"]
[EventType "swiss"]
[EventRounds "5"]
[EventCountry "CAN"]

1. d4 Nf6 2. c4 g6 3. Nc3 Bg7 4. e4 d6 5. Nf3 O-O 6. Be2 Nbd7 7. O-O e5 8. d5 Nc5 9. Qc2 a5 10. Be3 b6 11. h3 Kh8 12. Rfe1 Ng8 13. Nd2 f5 14. f3 f4 15. Bf2 g5 16. a3 a4 17. Bxc5 bxc5 18. Nxa4 h5 19. Nf1 g4 20. hxg4 hxg4 21. fxg4 Qh4 22. Nc3 Rf6 23. Nh2 Rh6 24. Nf3 Qg3 25. Bd3 Qxg4 26. Qf2 Bf6 27. Be2 Qg7 28. Bd3 Bg4 29. Rec1 Ne7 30. Kf1 Kg8 31. Ke2 Rh2 32. Rg1 Bh4 33. Qf1 Kf7 34. Kd2 Bxf3 35. Qxf3 Rg8 36. Be2 Qg3 37. Raf1 Rxg2 38. Rxg2 Qxg2 39. Qh5+ Ng6 40. Qf5+ Bf6 41. Qd7+ Be7 42. Qg4 Qxg4 43. Bxg4 Kf6 44. Rh1 Kg5 45. Be6 Rb8 46. Nb5 Nh4 47. Ke2 Kh5 48. Rg1 Bg5 49. Kf2 Ng6 50. Rh1+ Bh4+ 51. Kf3 Kg5 52. Bg4 Bg3 53. Rh5+ Kf6 54. Rh6 Kg7 55. Rh3 Nh4+ 56. Ke2 Kg6 57. Bf3 Kg5 58. a4 Ra8 59. b3 Rb8 60. Rh1 Kf6 61. a5 Ke7 62. a6 Kd8 63. a7 Ra8 64. Bg4 c6 65. dxc6 1-0

[Event "Germain Laplante U1900"]
[Site "Chambly CAN"]
[Date "2025.05.18"]
[Round "4.18"]
[White "Milette, Patrick"]
[Black "Morin, William"]
[Result "1-0"]
[WhiteElo "1665"]
[BlackElo "1536"]
[WhiteFideId "-1"]
[WhiteFideId "-1"]
[PlyCount "65"]
[GameId "2181007047152028"]
[EventDate "2025.05.16"]
[EventType "swiss"]
[EventRounds "5"]
[EventCountry "CAN"]

1. Nf3 d5 2. c4 d4 3. b4 c5 4. e3 dxe3 5. fxe3 e6 6. bxc5 Bxc5 7. d4 Bb4+ 8. Bd2 Be7 9. Bd3 Nc6 10. O-O Nf6 11. c5 Bxc5 12. Bb5 Bd6 13. Qc2 Bd7 14. e4 Rc8 15. Qd3 Nb4 16. Bxd7+ Qxd7 17. Bxb4 Bxb4 18. e5 Ng4 19. Nbd2 Rc3 20. Qe4 Ne3 21. Rf2 Qc6 22. Rb1 Qxe4 23. Nxe4 Rc7 24. Nd6+ Bxd6 25. exd6 Rd7 26. Ne5 Rxd6 27. Nxf7 Nf5 28. Nxh8 Rxd4 29. Rxb7 Rd1+ 30. Rf1 Rd2 31. Rxa7 Ne3 32. Rb1 Rd8 33. Nf7 1-0

[Event "Germain Laplante U1900"]
[Site "Chambly CAN"]
[Date "2025.05.18"]
[Round "4.19"]
[White "Audouze, Oscar"]
[Black "Hartner, Rian"]
[Result "1-0"]
[WhiteElo "1625"]
[BlackElo "1893"]
[WhiteFideId "-1"]
[WhiteFideId "-1"]
[PlyCount "105"]
[GameId "2181007047152029"]
[EventDate "2025.05.16"]
[EventType "swiss"]
[EventRounds "5"]
[EventCountry "CAN"]

1. d4 Nf6 2. c4 c5 3. d5 e6 4. Nc3 exd5 5. cxd5 d6 6. Nf3 g6 7. Bf4 Bg7 8. h3 O-O 9. e3 Qb6 10. Qc1 Re8 11. Nd2 Qd8 12. Be2 a6 13. a4 Rf8 14. Nc4 Ne8 15. a5 f5 16. O-O Qc7 17. Bh2 Nd7 18. Qd2 Rb8 19. Na4 Rf7 20. Rfe1 Re7 21. Nab6 Nxb6 22. axb6 Qd8 23. f3 Ra8 24. Kh1 Bf8 25. Bd3 Rf7 26. e4 fxe4 27. fxe4 Qh4 28. Rf1 Bh6 29. Qe2 Bf4 30. Rxf4 Rxf4 31. g3 Qxh3 32. gxf4 Bg4 33. Qd2 Bf3+ 34. Kg1 Qg4+ 35. Kf1 Qh3+ 36. Ke1 Bg2 37. Bg1 Nf6 38. Nxd6 Ng4 39. Kd1 c4 40. Nxc4 Bf1 41. Kc2 Bg2 42. d6 Nf6 43. Re1 Rc8 44. b3 Bf3 45. Kb2 Bg4 46. Bd4 Nd7 47. Ne5 Nxe5 48. Bxe5 Be6 49. Bc4 Rxc4 50. bxc4 Bxc4 51. Bc3 Qd7 52. Qd4 Kf8 53. Qxc4 1-0

[Event "Germain Laplante U1900"]
[Site "Chambly CAN"]
[Date "2025.05.18"]
[Round "4.20"]
[White "Hu, Raymond"]
[Black "Sonko, Babacar"]
[Result "0-1"]
[WhiteElo "1827"]
[BlackElo "1642"]
[WhiteFideId "-1"]
[WhiteFideId "-1"]
[PlyCount "70"]
[GameId "2181007047152030"]
[EventDate "2025.05.16"]
[EventType "swiss"]
[EventRounds "5"]
[EventCountry "CAN"]

1. e4 d6 2. d4 Nf6 3. Nc3 Nbd7 4. Bc4 e5 5. Nge2 c6 6. a4 Be7 7. O-O Qc7 8. f3 Nf8 9. Be3 Ng6 10. Bb3 Bd7 11. Qd2 O-O 12. Ng3 Qc8 13. Rad1 Rd8 14. Qf2 Be6 15. Bxe6 fxe6 16. dxe5 Nxe5 17. b3 b6 18. h3 d5 19. f4 Neg4 20. hxg4 Nxg4 21. Qf3 Nxe3 22. Nce2 Nxd1 23. Rxd1 Bc5+ 24. Nd4 dxe4 25. Qxe4 Rxd4 26. Rxd4 Bxd4+ 27. Qxd4 Qf8 28. Qe4 Qc5+ 29. Kh2 Qd5 30. Qe2 Rf8 31. Qg4 g6 32. c4 Qd6 33. Ne2 Rf5 34. g3 Qd1 35. Kg2 Qxb3 0-1

[Event "Germain Laplante U1900"]
[Site "Chambly CAN"]
[Date "2025.05.18"]
[Round "4.21"]
[White "Giroux, Robert"]
[Black "Gonzalez, Daniel"]
[Result "1-0"]
[WhiteElo "1700"]
[BlackElo "1792"]
[WhiteFideId "-1"]
[WhiteFideId "-1"]
[PlyCount "111"]
[GameId "2181007047152031"]
[EventDate "2025.05.16"]
[EventType "swiss"]
[EventRounds "5"]
[EventCountry "CAN"]

1. Nf3 c5 2. b3 Nf6 3. Bb2 g6 4. e3 Bg7 5. Be2 d6 6. d4 cxd4 7. exd4 d5 8. O-O O-O 9. Nbd2 Nc6 10. Re1 a6 11. c4 Rb8 12. Rc1 e6 13. a3 Bd7 14. Bd3 Na7 15. Ne5 b5 16. c5 Nc6 17. Nxc6 Bxc6 18. b4 Ne8 19. f4 Nc7 20. Nb3 Qe7 21. Na5 Be8 22. Rc2 Bd7 23. Rce2 Qf6 24. Rf2 h5 25. Qe2 Bh6 26. Qe5 Qxe5 27. fxe5 Ne8 28. Bc1 Bxc1 29. Rxc1 Kg7 30. c6 Bc8 31. c7 Rb6 32. Rfc2 f6 33. Nc6 Kf7 34. Na7 Ng7 35. exf6 Nf5 36. Bxf5 gxf5 37. Nxc8 Rxc8 38. Kf2 Kxf6 39. Kf3 Rd6 40. Kf4 Rb6 41. Rc6 Rb7 42. Re1 Rbxc7 43. Rexe6+ Kg7 44. Rc5 a5 45. Re5 Rxc5 46. dxc5 axb4 47. axb4 Rd8 48. Rxf5 d4 49. Re5 d3 50. Re1 d2 51. Rd1 Rd4+ 52. Ke5 Rxb4 53. Rxd2 Kf7 54. Kd6 Rc4 55. c6 Ke8 56. Rd5 1-0

[Event "Germain Laplante U1900"]
[Site "Chambly CAN"]
[Date "2025.05.18"]
[Round "4.22"]
[White "Brassard, Sylvain"]
[Black "Porlier, Xavier"]
[Result "0-1"]
[WhiteElo "1681"]
[BlackElo "1892"]
[WhiteFideId "-1"]
[WhiteFideId "-1"]
[PlyCount "120"]
[GameId "2181007047152032"]
[EventDate "2025.05.16"]
[EventType "swiss"]
[EventRounds "5"]
[EventCountry "CAN"]

1. d4 d5 2. Nf3 Nf6 3. g3 e6 4. Bg2 Be7 5. O-O O-O 6. b3 b6 7. c4 Bb7 8. cxd5 exd5 9. Ba3 Bxa3 10. Nxa3 Qe7 11. Nb5 a6 12. Nc3 Nbd7 13. Rc1 Rac8 14. Bh3 Rcd8 15. Bg2 Rfe8 16. e3 c6 17. Re1 Qd6 18. Nd2 c5 19. dxc5 bxc5 20. e4 Ne5 21. exd5 Bxd5 22. Nxd5 Nxd5 23. Ne4 Qg6 24. Nxc5 Nc3 25. Qc2 Nf3+ 26. Bxf3 Rxe1+ 27. Kg2 Rxc1 28. Qxc1 Nxa2 29. Qa3 Qc2 30. Qa5 Rc8 31. Bb7 Qxc5 32. Qxa2 Rb8 33. Qxa6 g6 34. h4 Qd4 35. Qc6 Qb4 36. Ba6 Qxb3 37. Bc4 Qb4 38. Qc7 Rf8 39. Bd5 Qd4 40. Qd7 Qf6 41. Qc6 Qe7 42. Qb7 Qf6 43. Qc6 Kg7 44. Qxf6+ Kxf6 45. g4 Rd8 46. Ba2 Rd7 47. Kg3 Ke5 48. g5 Ra7 49. f4+ Ke4 50. Bb1+ Ke3 51. f5 Rb7 52. fxg6 hxg6 53. Ba2 Ra7 54. Bd5 Kd4 55. Bc6 Ra3+ 56. Kg4 Ke5 57. Be8 Ke6 58. Kf4 Rb3 59. Kg4 Rb6 60. Kf4 Ke7 0-1

[Event "Germain Laplante U1900"]
[Site "Chambly CAN"]
[Date "2025.05.18"]
[Round "4.23"]
[White "Weston, Paul"]
[Black "Kelly, Patrick"]
[Result "0-1"]
[WhiteElo "1867"]
[BlackElo "1617"]
[WhiteFideId "-1"]
[WhiteFideId "-1"]
[PlyCount "104"]
[GameId "2181007047152033"]
[EventDate "2025.05.16"]
[EventType "swiss"]
[EventRounds "5"]
[EventCountry "CAN"]

1. Nf3 Nf6 2. d4 d5 3. e3 c5 4. c3 Nc6 5. Bd3 Bg4 6. Nbd2 e6 7. h3 Bh5 8. O-O Bd6 9. Qc2 c4 10. Be2 O-O 11. b4 b5 12. a4 a6 13. axb5 axb5 14. Rxa8 Qxa8 15. Bb2 Qb7 16. Ra1 Ra8 17. Qc1 Bg6 18. Rxa8+ Qxa8 19. Nh4 Ne4 20. Nf1 Qf8 21. Qa1 Qc8 22. f4 Be7 23. Nf3 h5 24. g4 hxg4 25. hxg4 Qb7 26. Kg2 Bd8 27. N1h2 Ne7 28. Ne5 Bh7 29. Nef3 Nc8 30. g5 Qa7 31. Qxa7 Nxa7 32. Ng4 Nc8 33. Nge5 Nb6 34. Bd1 Na4 35. Bxa4 bxa4 36. Nd7 a3 37. Ba1 Nd6 38. Nc5 Kf8 39. Kf2 Ne4+ 40. Nxe4 Bxe4 41. Ne1 Ke8 42. Ke2 a2 43. Kd2 Bb1 44. Nc2 g6 45. Na3 f6 46. gxf6 Bxf6 47. Kc1 g5 48. Nxb1 axb1=Q+ 49. Kxb1 g4 50. Bb2 g3 51. Bc1 g2 52. e4 g1=Q 0-1

[Event "Germain Laplante U1900"]
[Site "Chambly CAN"]
[Date "2025.05.18"]
[Round "4.24"]
[White "Hammoud, Khaled"]
[Black "Duplessis-Masson, Vincent"]
[Result "0-1"]
[WhiteElo "1676"]
[BlackElo "1836"]
[WhiteFideId "-1"]
[WhiteFideId "-1"]
[PlyCount "168"]
[GameId "2181007047152034"]
[EventDate "2025.05.16"]
[EventType "swiss"]
[EventRounds "5"]
[EventCountry "CAN"]

1. e4 d5 2. exd5 Nf6 3. d4 Nxd5 4. Nf3 Bg4 5. c3 e6 6. Bd3 Be7 7. O-O O-O 8. Bc2 Nd7 9. Nbd2 c5 10. Nc4 cxd4 11. cxd4 Bf6 12. Re1 Bxf3 13. Qxf3 g6 14. Ne5 Qc7 15. Bh6 Rfd8 16. Rac1 Qb6 17. Qg4 Nxe5 18. dxe5 Bh8 19. Bb3 Qb5 20. g3 Bg7 21. Bxg7 Kxg7 22. Qf3 Rd7 23. Re4 Rad8 24. Rec4 Nb6 25. Qf6+ Kg8 26. Rc5 Qb4 27. Rc7 a5 28. Rxb7 a4 29. Rxd7 Rxd7 30. Bxe6 fxe6 31. Qxe6+ Rf7 32. Rc7 Qe1+ 33. Kg2 Qxf2+ 34. Kh3 Qf5+ 35. Qxf5 Rxf5 36. e6 Re5 37. Rc6 Nd5 38. Ra6 Re4 39. Rd6 Ne3 40. Ra6 Kg7 41. Ra7+ Kf6 42. Rxh7 Kxe6 43. Rh8 Re5 44. g4 Kf6 45. Kg3 Nc4 46. Rf8+ Kg7 47. Rb8 Re2 48. b3 axb3 49. axb3 Nd6 50. h4 Re3+ 51. Kf4 Rh3 52. Rd8 Nf7 53. Rb8 Rxh4 54. b4 Rh1 55. b5 Rb1 56. b6 Rb4+ 57. Kg3 Ne5 58. g5 Rg4+ 59. Kh3 Rb4 60. Rb7+ Kf8 61. Rb8+ Ke7 62. b7 Kd7 63. Rg8 Rxb7 64. Rg7+ Kc6 65. Rxb7 Kxb7 66. Kg3 Kc7 67. Kf4 Kd6 68. Ke4 Ke6 69. Kf4 Nf7 70. Kg4 Ke5 71. Kh3 Kf5 72. Kh4 Nxg5 73. Kg3 Ne4+ 74. Kf3 g5 75. Kg2 Kf4 76. Kg1 Kf3 77. Kf1 g4 78. Kg1 g3 79. Kh1 Nd2 80. Kg1 g2 81. Kh2 Kf2 82. Kh3 g1=Q 83. Kh4 Nf3+ 84. Kh3 Qg3# 0-1

[Event "Germain Laplante U1900"]
[Site "Chambly CAN"]
[Date "2025.05.18"]
[Round "4.25"]
[White "Qi, Jason"]
[Black "Allaire, Denis"]
[Result "1-0"]
[WhiteElo "1698"]
[BlackElo "1815"]
[WhiteFideId "-1"]
[WhiteFideId "-1"]
[PlyCount "65"]
[GameId "2181007047152035"]
[EventDate "2025.05.16"]
[EventType "swiss"]
[EventRounds "5"]
[EventCountry "CAN"]

1. e4 c6 2. c4 d5 3. cxd5 cxd5 4. exd5 Nf6 5. Nc3 Nxd5 6. Nf3 e6 7. d4 Nc6 8. Bc4 Be7 9. O-O O-O 10. a3 Bf6 11. Be3 Nxc3 12. bxc3 e5 13. h3 Bf5 14. Ba2 Qc7 15. Rc1 exd4 16. cxd4 Qd6 17. Qb3 Qd7 18. d5 Ne5 19. Bf4 Nxf3+ 20. Qxf3 Rac8 21. Qb3 Rxc1 22. Rxc1 Rc8 23. Rc4 Rxc4 24. Qxc4 h6 25. g4 Bg6 26. d6 h5 27. Bg3 hxg4 28. hxg4 Bd8 29. Bb3 b5 30. Qd4 Bb6 31. Qf4 a5 32. Qg5 Bd8 33. Qxg6 1-0

[Event "Germain Laplante U1900"]
[Site "Chambly CAN"]
[Date "2025.05.18"]
[Round "4.26"]
[White "Roy, Stephane"]
[Black "Messier, David"]
[Result "0-1"]
[WhiteElo "1599"]
[BlackElo "1782"]
[WhiteFideId "-1"]
[WhiteFideId "-1"]
[PlyCount "86"]
[GameId "2181007047152036"]
[EventDate "2025.05.16"]
[EventType "swiss"]
[EventRounds "5"]
[EventCountry "CAN"]

1. Nf3 d5 2. e3 c5 3. b3 Nf6 4. Bb2 g6 5. c4 Bg7 6. Nc3 d4 7. exd4 cxd4 8. Ne2 d3 9. Ng3 Nc6 10. a3 O-O 11. Qb1 e5 12. Bxd3 e4 13. Bxe4 Nxe4 14. Bxg7 Nxg3 15. Bxf8 Qe8+ 16. Kd1 Qe2+ 17. Kc1 Nxh1 18. Bh6 Nxf2 19. Kb2 Bf5 20. Qg1 Rd8 21. Ka2 Qd3 22. a4 Nb4+ 23. Kb2 Ng4 24. Qc5 Na6 25. Qxa7 Nxh6 26. Qxb7 Nc5 27. Qb6 Qd6 28. Qxd6 Rxd6 29. d4 Nd3+ 30. Kc3 Nf4 31. c5 Rd5 32. a5 Nxg2 33. a6 Rd8 34. b4 Nf4 35. a7 Be4 36. Ne5 Ne6 37. c6 Nc7 38. Kc4 f6 39. Kc5 fxe5 40. dxe5 Nf7 41. b5 Nxb5 42. Kxb5 Nxe5 43. a8=Q Bxc6+ 0-1

[Event "Germain Laplante U1900"]
[Site "Chambly CAN"]
[Date "2025.05.18"]
[Round "5.17"]
[White "Audouze, Oscar"]
[Black "Song, Jiacai"]
[Result "1-0"]
[WhiteElo "1625"]
[BlackElo "1700"]
[WhiteFideId "-1"]
[WhiteFideId "-1"]
[PlyCount "47"]
[GameId "2190542077845040"]
[EventDate "2025.05.16"]
[EventType "swiss"]
[EventRounds "5"]
[EventCountry "CAN"]

1. d4 Nf6 2. c4 g6 3. Nc3 Bg7 4. e4 d6 5. Nf3 O-O 6. Be2 e5 7. O-O exd4 8. Nxd4 Re8 9. f3 Nc6 10. Be3 Nxd4 11. Bxd4 c6 12. Kh1 Be6 13. Qd2 Qc7 14. Rac1 Rad8 15. f4 Qa5 16. f5 c5 17. Bxf6 Bxf6 18. fxe6 Rxe6 19. Qf4 Rd7 20. Bg4 Be5 21. Qg5 Bxc3 22. Bxe6 Bd2 23. Qf6 fxe6 24. Qf8# 1-0

[Event "Germain Laplante U1900"]
[Site "Chambly CAN"]
[Date "2025.05.18"]
[Round "5.18"]
[White "Sonko, Babacar"]
[Black "Milette, Patrick"]
[Result "0-1"]
[WhiteElo "1642"]
[BlackElo "1665"]
[WhiteFideId "-1"]
[WhiteFideId "-1"]
[PlyCount "75"]
[GameId "2190542077845041"]
[EventDate "2025.05.16"]
[EventType "swiss"]
[EventRounds "5"]
[EventCountry "CAN"]

1. e4 g6 2. Nf3 Bg7 3. c4 c5 4. Nc3 Nc6 5. Be2 d6 6. O-O Bg4 7. d3 Bxf3 8. Bxf3 Nf6 9. Be3 Nd7 10. Qd2 Nd4 11. Bd1 O-O 12. Rc1 Nb8 13. b3 Nbc6 14. f4 f5 15. g4 e6 16. g5 Rc8 17. h4 Rc7 18. Qh2 a6 19. a3 b5 20. Ne2 Nxe2+ 21. Bxe2 Bd4 22. Rf3 Bxe3+ 23. Rxe3 Nd4 24. Bd1 e5 25. fxe5 f4 26. exd6 Rd7 27. Rh3 Rxd6 28. Bf3 Nxb3 29. Rc3 Rxd3 30. e5 Qd4+ 31. Qf2 Qxc3 32. Bd5+ Kg7 33. Rxd3 Qxd3 34. e6 Qg3+ 35. Qg2 bxc4 36. e7 Qxg2+ 37. Kxg2 Re8 38. Bxc4 {illisible} 0-1

[Event "Germain Laplante U1900"]
[Site "Chambly CAN"]
[Date "2025.05.18"]
[Round "5.19"]
[White "Kelly, Patrick"]
[Black "Giroux, Robert"]
[Result "0-1"]
[WhiteElo "1617"]
[BlackElo "1700"]
[WhiteFideId "-1"]
[WhiteFideId "-1"]
[PlyCount "96"]
[GameId "2190542077906482"]
[EventDate "2025.05.16"]
[EventType "swiss"]
[EventRounds "5"]
[EventCountry "CAN"]

1. e4 e6 2. d4 d5 3. e5 Bd7 4. Nf3 a6 5. Bd3 Bb5 6. O-O Bxd3 7. Qxd3 c5 8. c3 Nc6 9. Re1 c4 10. Qd1 b5 11. a3 Nge7 12. Nbd2 Nf5 13. Nf1 h6 14. Ng3 g6 15. Nxf5 gxf5 16. Bf4 Ne7 17. Nh4 Ng6 18. Nxg6 fxg6 19. Bg3 Be7 20. f4 Kf7 21. Re3 g5 22. Qh5+ Kg7 23. Rf1 Qe8 24. Qe2 g4 25. Qe1 Qd8 26. Bf2 h5 27. h4 Qb6 28. g3 Rhc8 29. Qa1 a5 30. Rb1 Rab8 31. Ree1 Qc6 32. Rec1 b4 33. Be1 bxa3 34. bxa3 a4 35. Rb2 Rb3 36. Rxb3 cxb3 37. Qb2 Qc4 38. Rd1 Bd8 39. Kf2 Ba5 40. Rc1 Qd3 41. Kg2 Kf7 42. Kf2 Bb6 43. Kg2 Qf3+ 44. Kh2 Qf1 45. Qg2 Qxg2+ 46. Kxg2 Bxd4 47. Kf1 Rc4 48. Ke2 Bc5 0-1

[Event "Germain Laplante U1900"]
[Site "Chambly CAN"]
[Date "2025.05.18"]
[Round "5.20"]
[White "Porlier, Xavier"]
[Black "Morin, William"]
[Result "1-0"]
[WhiteElo "1892"]
[BlackElo "1536"]
[WhiteFideId "-1"]
[WhiteFideId "-1"]
[PlyCount "53"]
[GameId "2190542077914675"]
[EventDate "2025.05.16"]
[EventType "swiss"]
[EventRounds "5"]
[EventCountry "CAN"]

1. e4 c5 2. Nc3 a6 3. f4 e6 4. d4 cxd4 5. Qxd4 Nc6 6. Qf2 Qa5 7. Nf3 Nf6 8. Bd3 h5 9. h3 d5 10. O-O Ng4 11. hxg4 hxg4 12. Be3 dxe4 13. Ne5 g3 14. Qxg3 exd3 15. cxd3 Qd8 16. Nxc6 bxc6 17. Qf3 Bb7 18. f5 Qh4 19. fxe6 O-O-O 20. Bb6 c5 21. Ne4 Bd6 22. Bxd8 Bh2+ 23. Kh1 Bg3+ 24. Bxh4 Rxh4+ 25. Kg1 Bh2+ 26. Kf2 Rf4 27. Qxf4 1-0

[Event "Germain Laplante U1900"]
[Site "Chambly CAN"]
[Date "2025.05.18"]
[Round "5.21"]
[White "Tse, Chun Wing"]
[Black "Hu, Raymond"]
[Result "0-1"]
[WhiteElo "1671"]
[BlackElo "1827"]
[WhiteFideId "-1"]
[WhiteFideId "-1"]
[PlyCount "94"]
[GameId "2190542077914676"]
[EventDate "2025.05.16"]
[EventType "swiss"]
[EventRounds "5"]
[EventCountry "CAN"]

1. d4 Nf6 2. c4 g6 3. Nc3 d5 4. Bf4 Bg7 5. Nf3 c6 6. e3 e6 7. Bd3 Nbd7 8. h3 dxc4 9. Bxc4 Nb6 10. Bb3 Nbd5 11. Be5 O-O 12. O-O b6 13. Rc1 Ba6 14. Nxd5 exd5 15. Re1 Rc8 16. a4 Bb7 17. Ba2 c5 18. b3 Ne4 19. Bxg7 Kxg7 20. Bb1 f6 21. dxc5 Nxc5 22. Nd4 Qe7 23. Qg4 Kf7 24. Red1 a6 25. h4 Ne4 26. Bxe4 dxe4 27. Rxc8 Bxc8 28. Qf4 Bb7 29. Rc1 Rc8 30. Rxc8 Bxc8 31. Nc6 Qe8 32. Qc7+ Qd7 33. Qxb6 Qd1+ 34. Kh2 Qd6+ 35. g3 Bd7 36. Nd8+ Ke7 37. Qa5 Qb8 38. Qxa6 Qxd8 39. b4 Qc8 40. Qa7 Qc2 41. Kg2 Qxa4 42. Qc5+ Kf7 43. Qd5+ Be6 44. Qc5 Qd7 45. b5 Bh3+ 46. Kh2 Bf1 47. Kg1 Bxb5 0-1

[Event "Germain Laplante U1900"]
[Site "Chambly CAN"]
[Date "2025.05.18"]
[Round "5.22"]
[White "Hartner, Rian"]
[Black "Qi, Jason"]
[Result "1-0"]
[WhiteElo "1893"]
[BlackElo "1698"]
[WhiteFideId "-1"]
[WhiteFideId "-1"]
[PlyCount "131"]
[GameId "2190542077914677"]
[EventDate "2025.05.16"]
[EventType "swiss"]
[EventRounds "5"]
[EventCountry "CAN"]

1. e4 c5 2. Nf3 e6 3. d4 cxd4 4. Nxd4 Nc6 5. Nc3 Qc7 6. Be3 a6 7. Qf3 Nf6 8. O-O-O Ne5 9. Qg3 b5 10. a3 Bb7 11. Bxb5 axb5 12. Ndxb5 Qb8 13. Bb6 Nc4 14. Nc7+ Ke7 15. Nxa8 Qxg3 16. hxg3 Bxa8 17. Bc5+ d6 18. Bb4 Kd7 19. b3 Nb6 20. f3 Be7 21. Nb5 d5 22. exd5 exd5 23. Bxe7 Kxe7 24. Rhe1+ Kd7 25. Rd2 Re8 26. Rxe8 Nxe8 27. c4 Kc6 28. Nd4+ Kc5 29. cxd5 Bxd5 30. Kc2 Nd6 31. Kc3 Nb5+ 32. Nxb5 Kxb5 33. a4+ Ka5 34. Re2 Be6 35. Re5+ Ka6 36. Kb4 Nd5+ 37. Ka3 Nb6 38. Re3 Nd5 39. Rd3 Ka5 40. f4 g6 41. Rd4 Ne3 42. Rd6 Nc2+ 43. Kb2 Ne3 44. Rd2 Kb4 45. Rd4+ Ka5 46. Rd8 Nxg2 47. Kc3 Ne3 48. Kd4 Nc2+ 49. Kc5 Ka6 50. b4 Na1 51. b5+ Kb7 52. a5 Nb3+ 53. Kb4 Kc7 54. Rd3 Na1 55. Rc3+ Kb7 56. Ka3 f6 57. Kb2 Bd7 58. Kxa1 Bxb5 59. Re3 Ka6 60. Re6+ Kxa5 61. Rxf6 Kb4 62. g4 Kc5 63. Rf7 Bd3 64. Rxh7 Kd4 65. Rd7+ Ke4 66. Rxd3 1-0